| 000 | 00605nab a2200217 a 4500 | ||
|---|---|---|---|
| 001 | 20162 | ||
| 003 | 55110 | ||
| 005 | 20201118095926.0 | ||
| 008 | ||||||n9999 ||| || || | ||
| 041 | _aspa | ||
| 100 | _aOrozco, Jose Luis | ||
| 245 | 0 | _aEl resurgimiento del Estado Alemán | |
| 260 |
_aMéxico : _bUniversidad Nacional Autónoma de México, _c1990. |
||
| 300 | _app. 35-45 | ||
| 562 | _e0 | ||
| 650 | _aANALISIS POLITICO | ||
| 650 | _aESTADO UNITARIO | ||
| 650 | _aREFORMA DEL ESTADO | ||
| 773 |
_020160 _aRevista Mexicana de Ciencias Políticas y Sociales - No.142 |
||
| 942 | _cSART | ||
| 999 |
_c20162 _d20162 |
||